Statistics for prueba de fútbol

Click here to take the quiz!

General Stats

  • This quiz has been taken 333 times
  • The average score is 11 of 15

Answer Stats

HintAnswer% Correct
Messiargentina
99%
Maradonaargentina
99%
Cristiano Ronaldoportugal
99%
Suarezuruguay
94%
Pogbafrance
78%
Gavispain
78%
Navascosta rica
77%
Alabaaustria
76%
Alissonbrazil
76%
Modriccroatia
75%
Ibrahimovicsweden
64%
Mahrezalgeria
53%
Pulisicusa
53%
Litmanenfinland
47%
Nedvedczechia
33%

Score Distribution

Percentile by Number Answered

Percent of People with Each Score

Your Score History

You have not taken this quiz